ქართულ-აფხაზურ-ინგლისური სიხშირული ლექსიკონი / (ბიბ.ჩანაწერი № 60056)
[ მარტივი ფორმატი ]
| 000 -ლიდერი | |
|---|---|
| ფიქსირებული სიგრძის საკონტროლო ველი | 02018nam a22002777a 4500 |
| 003 - საკონტროლო ნომრის იდენტიფიკატორი | |
| საკონტროლო ველი | Ge_BSU |
| 005 - ბოლო ოპერაციის თარიღი და დრო | |
| საკონტროლო ველი | 20230602105921.0 |
| 008 - ფიქსირებული სიგრძის მონაცემთა ელემენტები - ზოგადი ინფორმაცია | |
| ფიქსირებული სიგრძის საკონტროლო ველი | 230602s2018ge xxu||||| |||| 00| 0 geo d |
| 020 ## - წიგნის საერთაშორისო სტანდარტული ნომერი | |
| International Standard Book Number | 9788378931751 |
| 041 ## - ენის კოდი | |
| Language code of text/sound track or separate title | geo |
| 080 ## - უნივერსალური ათობითი კლასიფიკაციის ინდექსი | |
| Universal Decimal Classification number | 81'374.823=353.1=352.2=111 ქ-27 |
| 245 ## - ცნობა სათაურის შესახებ | |
| Title | ქართულ-აფხაზურ-ინგლისური სიხშირული ლექსიკონი / |
| Statement of responsibility, etc | მარინა ბერიძე, მაკა თეთრაძე, სოფიკო დარასელია [და სხვა] ; აფხაზური სიტყვანის შემდგენელი ნათია ფონიავა ; რედაქტორები: ლეილა ავიძბა, ნინო შარაშენიძე. |
| 264 ## - წარმოების, გამოცემის, დისტრიბუციის და სხვა ცნობები | |
| გამოცემის, წარმოების, დისტრიბუციის... სახელწოდება | Wojnowice, |
| გამოცემის, წარმოების, დისტრიბუციის... თარიღი | 2018. |
| 300 ## - ფიზიკური აღწერა | |
| Extent | 220 გვ. ; |
| Other physical details | 21 სმ. |
| 440 ## - სერიის ცნობა / დამატებულია ჩანაწერი - სათაური | |
| Title | საბა - ქართული ლექსიკონი |
| 9 (RLIN) | 18330 |
| 500 ## - ზოგადი შენიშვნა | |
| General note | ყდაზე ავტორები მითითებულები არ არიან. |
| 546 ## - LANGUAGE NOTE | |
| Language note | ყდა ქართულ, ოსურ და ინგლისურ ენებზე. დამატებითი სატიტულო გვერდები აფხაზურ და ინგლისურ ენებზ |
| 653 ## - INDEX TERM--UNCONTROLLED | |
| Uncontrolled term | ქართულ-აფხაზურ-ინგლისური ლექსიკონი. |
| 700 ## - ADDED ENTRY--PERSONAL NAME | |
| Personal name | ბერიძე, მარინა |
| 9 (RLIN) | 18415 |
| 700 ## - ADDED ENTRY--PERSONAL NAME | |
| Personal name | თეთრაძე, მაკა |
| Relator term | შემდგენელი |
| 9 (RLIN) | 18416 |
| 700 ## - ADDED ENTRY--PERSONAL NAME | |
| Personal name | დარასელია, სოფიკო |
| Relator term | [და სხვა] |
| 9 (RLIN) | 18417 |
| 700 ## - ADDED ENTRY--PERSONAL NAME | |
| Personal name | ფონიავა, ნათია |
| Relator term | აფხაზური სიტყვანის შემდგენელი |
| 9 (RLIN) | 18418 |
| 700 ## - ADDED ENTRY--PERSONAL NAME | |
| Personal name | ავიძბა,ლეილა |
| 9 (RLIN) | 18419 |
| 700 ## - ADDED ENTRY--PERSONAL NAME | |
| Personal name | შარაშენიძე, ნინო |
| Relator term | რედაქტორი |
| 9 (RLIN) | 7758 |
| 942 ## - ADDED ENTRY ELEMENTS (KOHA) | |
| Source of classification or shelving scheme | |
| Koha item type | წიგნი |
| ჩამოწერის სტატუსი | დაკარგული ეგზემპლარის სტატუსი | კლასიფიკაციის წყარო ან თაროზე გაწყობის სქემა | დაზიანების სტატუსი | არ გაიცემა | მუდმივი მდებარეობა (დაცვის ადგილი) | ამჟამინდელი ადგილსამყოფელი | თაროზე განთავსების ადგილი | შეძენის თარიღი | ღირებულება, შესყიდვის ნორმალური ფასი | სრული შენახვის შიფრი | შტრიხკოდი | ბოლო ოპერაციის თარიღი | ეგზემპლარის მიმდევრობითი ნომერი (კეტერი?) | ფასის ძალაში შესვლის თარიღი | ეგზემპლარის სახეობა | საჯარო შენიშვნა |
|---|---|---|---|---|---|---|---|---|---|---|---|---|---|---|---|---|
| ბათუმის შოთა რუსთაველის სახელმწიფო უნივერსიტეტის მთავარი ბიბლიოთეკა | ბათუმის შოთა რუსთაველის სახელმწიფო უნივერსიტეტის მთავარი ბიბლიოთეკა | წიგნსაცავი | 2023-06-02 | 6.00 | 81'374.823=353.1=352.2=111 ქ-27 | 29531 | 2023-06-02 | 29531 | 2023-06-02 | წიგნი | 6ლ.91თ. | |||||
| ბათუმის შოთა რუსთაველის სახელმწიფო უნივერსიტეტის მთავარი ბიბლიოთეკა | ბათუმის შოთა რუსთაველის სახელმწიფო უნივერსიტეტის მთავარი ბიბლიოთეკა | წიგნსაცავი | 2023-06-02 | 6.00 | 81'374.823=353.1=352.2=111 ქ-27 | 29530 | 2023-06-02 | 29530 | 2023-06-02 | წიგნი | 6ლ.91თ. | |||||
| ბათუმის შოთა რუსთაველის სახელმწიფო უნივერსიტეტის მთავარი ბიბლიოთეკა | ბათუმის შოთა რუსთაველის სახელმწიფო უნივერსიტეტის მთავარი ბიბლიოთეკა | წიგნსაცავი | 2023-06-02 | 6.00 | 81'374.823=353.1=352.2=111 ქ-27 | 29532 | 2023-06-02 | 29532 | 2023-06-02 | წიგნი | 6ლ.91თ. |
